000 01011nam1a22002291i 4500
001 rc\2958508
005 20240726073810.0
035 _a(NLR Aleph) 007206630
090 _a7656036
_c7656036
100 _a20110902d1937 |||y0rusy50 ca
101 1 _arus
_ceng
102 _aRU
105 _ay z |||||
200 1 _aАрхиво полковника Хауза
_e[Дневники и переписка с президентом Вильсоном и др. полит. деятелями за период 1914-1917 г.]
_eПер. с англ. Т. I -
_fПодготовлен к печати проф. истории Иэйлск. ун-та Чарлзом Сеймуром ...
210 _aМосква
_cСоцэкгиз
_d1937
_g16 тип. треста "Полиграфкнига"
215 _d23х15 см
700 1 _aХауз
_bЭ.
_f1858-1938
_gЭдуард
702 1 _aСеймур
_bЧ.
_gЧарлз
_4570
801 0 _aRU
_bNLR
_gpsbo
801 1 _aRU
_bELAR
_2rusmarc
852 _aNLR
_j37-48/202
942 _cBOOK